Statistics for Diaspora-USA

Click here to take the quiz!

General Stats

  • This quiz has been taken 53 times
  • The average score is 30 of 40

Answer Stats

Number of immigrants Continent Country % Correct
316.500-1.000.000North AmericaCanada
98%
139.000-197.143EuropeUnited Kingdom
98%
738.000-1.000.000North AmericaMexico
96%
324.000EuropeGermany
91%
60.000AsiaIndia
91%
120.000-158.000AsiaSouth Korea
89%
34.638EuropeSpain
89%
100.000EuropeFrance
89%
55.713AsiaJapan
89%
161.493AsiaChina
89%
70.000South AmericaBrazil
87%
30.000Asia/ EuropeRussia
87%
56.276OceaniaAustralia
84%
200.000AsiaIsrael
82%
60.000South AmericaArgentina
80%
50.000-54.000EuropeItaly
78%
40.000AsiaSaudi Arabia
76%
60.000South AmericaColombia
76%
20.900EuropeSweden
76%
25.000North AmericaPanama
73%
220.000-600.000Asiathe Philippines
73%
130.000North AmericaCosta Rica
73%
50.000AsiaUnited Arab Emirates
73%
6.345North AmericaGuatemala
71%
33.509EuropeNorway
71%
52.486AsiaPakistan
71%
17.552EuropeIreland
71%
10.645AsiaTaiwan
69%
15.000North AmericaHonduras
69%
17.751OceaniaNew Zealand
69%
30.000North Americathe Bahamas
67%
12.000South AmericaChile
67%
45.000North AmericaHaiti
64%
10.175EuropeAustria
60%
15.000AsiaQatar
53%
19.000North AmericaEl Salvador
51%
5.000-10.000South AmericaEcuador
49%
8.000AsiaKuwait
40%
150.000AfricaLiberia
38%
25.000AsiaLebanon
36%

Score Distribution

Percentile by Number Answered

Percent of People with Each Score

Your Score History

You have not taken this quiz